| 000 | 00687nam a2200217 u 4500 | ||
|---|---|---|---|
| 001 | 000359303 | ||
| 003 | AM-YeHGA | ||
| 005 | 20250617131522.0 | ||
| 008 | 040907s1984 ||| r 000 0 rus d | ||
| 040 | _aAM-YeHGA | ||
| 041 | 0 | _arus | |
| 100 | 1 | _aМихин, Виктор Леонович | |
| 245 | 1 | 0 |
_aКувейт / _cВ.С. Михин. |
| 260 |
_aМосква : _bМысль, _c1984. |
||
| 300 |
_a120 с. _bил., карт. |
||
| 490 | 1 | _aУ карты мира / Редкол. : Э.Б. Алаев (пред.) и др. | |
| 653 | 0 | _aКувейт - География | |
| 653 | 0 | _aГеография - Кувейт | |
| 830 | 0 | _aУ карты мира | |
| 090 | _c138798 | ||
| 999 |
_c137425 _d137425 |
||